Les réalisations de la Zambie en matière de soins de santé primaire

সংরক্ষণ করুন:
গ্রন্থ-পঞ্জীর বিবরন
প্রধান লেখক: Joseph M Kasonde
বিন্যাস: গ্রন্থ
ভাষা:Undetermined
প্রকাশিত: Genève OMS 1995
বিষয়গুলি:
ট্যাগগুলো: ট্যাগ যুক্ত করুন
কোনো ট্যাগ নেই, প্রথমজন হিসাবে ট্যাগ করুন!
Thư viện lưu trữ: Trung tâm Học liệu Trường Đại học Cần Thơ
LEADER 00565nam a2200181Ia 4500
001 CTU_21552
008 210402s9999 xx 000 0 und d
082 |a 362.10425 
082 |b K19p 
100 |a Joseph M Kasonde 
245 0 |a Les réalisations de la Zambie en matière de soins de santé primaire 
245 0 |c Joseph M Kasonde, John D Martin, OMS 
260 |a Genève 
260 |b OMS 
260 |c 1995 
650 |a national health programmes,primary health care 
904 |i Minh, 980112 
980 |a Trung tâm Học liệu Trường Đại học Cần Thơ